Mimoburzový a burzový trh
Mimoburzový trh. RM-Systém Slovakia. Bratislavská opčná burza. Ropa a ropné produkty na svetových energetických burzách. Komodity na svetových trhoch. Kurzy vybraných svetových mien. Burza cenných papierov v Bratislave.
Salvato in:
| Natura: | Capitolo di libro |
|---|---|
| Lingua: | slovacco |
| Soggetti: | |
| Tags: |
Nessun Tag, puoi essere il primo ad aggiungerne!!
|
MARC
| LEADER | 00000naa a2200000 4500 | ||
|---|---|---|---|
| 001 | r017625 | ||
| 005 | 20221205103014.7 | ||
| 041 | 0 | |a slo | |
| 044 | |a SK | ||
| 245 | 1 | 0 | |a Mimoburzový a burzový trh |
| 520 | |a Mimoburzový trh. RM-Systém Slovakia. Bratislavská opčná burza. Ropa a ropné produkty na svetových energetických burzách. Komodity na svetových trhoch. Kurzy vybraných svetových mien. Burza cenných papierov v Bratislave. | ||
| 610 | 2 | 0 | |a RM-Systém Slovakia |
| 610 | 2 | 0 | |a BOB Bratislava |
| 610 | 2 | 0 | |a BCP Bratislava |
| 610 | 2 | 0 | |a komodity |
| 610 | 2 | 0 | |a ropa |
| 610 | 2 | 0 | |a burzy |
| 610 | 2 | 0 | |a Slovensko |
| 610 | 2 | 0 | |a kurz devízový |